000 005620000a22001810004500
003 MACL
005 20160422163406.0
008 160422b xxu||||| |||| 00| 0 eng d
040 _aMACL
_cMACL
041 _aHindi
082 _a800 JAY
100 _aसिंह सुरेन्‍द्रनाथ
_953432
245 _aप्रसाद के काव्‍य-रूप
260 _bविक्रम प्रकाशन
_c2000
_aनई दिल्‍ली
350 _a250
650 _aLiterature
_953433
942 _cHIN
_k800/JAY/L
_2ddc
999 _c11389
_d11389